LDR 01306naa#a2200217#i#450# 001 RU\\bibl\119740 005 20260417060317.5 011 ## _a2311-8873 100 ## _a20260410b2026####ek#y0rusy0150####ca 102 ## _aRU 200 1# _aАНАЛИЗ МЕТОДОВ ОРГАНИЗАЦИИ ЛЕВОПОВОРОТНОГО ДВИЖЕНИЯ НА РЕГУЛИРУЕМЫХ ПЕРЕКРЕСТКАХ: СРАВНИТЕЛЬНОЕ МОДЕЛИРОВАНИЕ И ОЦЕНКА ЗАДЕРЖЕК _eЖурнальная статья 210 1# _aВоронеж _cВоронежский государственный лесотехнический университет имени Г.Ф. Морозова _d2026 215 ## _a9 с. 608 ## _aЖурнальная статья _2local 675 ## _aОрганизация и эксплуатация автомобильного транспорта. Движение автомобилей. Общие вопросы. 656.13 _z 700 #1 _aЛихачев _gДмитрий Валерьевич 700 #1 _aДорохин _gСергей Владимирович 700 #1 _aАртемов _gАлександр Юрьевич 700 #1 _aКораблев _gРуслан Александрович 700 #1 _aПаринов _gНиколай Николаевич 856 4# _avntv.editorum.ru _u